Statistics for Name in other languages: Elizabeth

Click here to take the quiz!

General Stats

  • This quiz has been taken 16 times
  • The average score is 8 of 20

Answer Stats

LanguageName translates as...% Correct
FrenchÉlisabeth
100%
PolishElżbieta
100%
SwedishLisbet
93%
BulgarianElizabet
71%
RussianElizaveta
71%
FinnishLiisa
71%
SpanishIsabel
64%
CroatianElizabeta
57%
LithuanianElžbieta
36%
ScottishIsobel
36%
CzechAlžběta
21%
WelshBethan
21%
HungarianErzsébet
21%
HebrewElisheva
14%
HawaiianElikapeka
7%
GeorgianElisabed
7%
GreekElisavet
7%
SerbianJelisaveta
7%
EstonianLiisu
7%
ArmenianZabel
7%

Score Distribution

Percentile by Number Answered

Percent of People with Each Score

Your Score History

You have not taken this quiz